Statistics for How Many Things About Railroads Do You Know?

Click here to take the quiz!

General Stats

  • This quiz has been taken 13 times
  • The average score is 9 of 15

Answer Stats

QuestionAnswer% Correct
What locomotive is the largest on the west coast?Big Boy
100%
What Railroad company has the most heritage units?Norfolk Southern
92%
What locomotive Heritage unit came from Strasburg Railroad?Pennsylvania
83%
What locomotive is in the red, orange and black colors?Southern Pacific
83%
What locomotive was part of the American Freedom Train?Southern Pacific Daylight
83%
What locomotive derailed in the recent derailment?Southern
75%
What locomotive is getting PTC in the cab? Positive Train ControlBig Boy
67%
In railroad term what does two railroads use to cross tracks?Diamonds
67%
How many Norfolk Southern High Hoods are there?Thirty-Nine
67%
When a train goes past a signal what color does it go to?Red
58%
What is the largest locomotive on the east coast?Western Maryland
33%
How many Rail cams does Virtual Railfan have?Fifty-four
25%
In the tv show called Hogan Heroes what locomotive did they use?Southern Pacific
25%
How many steam locomotives are there for Heritage Units?Thirteen
17%
How many heritage unit locomotives does CSX have?Seventeen
0%

Score Distribution

Percentile by Number Answered

Percent of People with Each Score

Your Score History

You have not taken this quiz